01415nam a2200265 a 4500001001000000005001700010008004100027041000800068044000700076084002100083100004500104245009500149260004800244300002900292500019000321500011000511500021600621500006500837500001000902650005200912650005600964650003401020650004501054740005001099BRCA_277720190320203950.0081208s1902----sp-a---###---#000-0#spa-u aspa asp a245b.C355c19021 aCervantes Saavedra, Miguel ded1547-161610aEl Ingenioso Hidalgo Don Quijote de la Manchaccompuesto por Miguel de Cervantes Saavedra. aMadridbSaturnino Calleja Fernándezc1902 axix, 644 p.bil.c10 cm. aContenido : Primera parte. Retrato de Cervantes. Dedicatoria del autor. Prólogo del autor. Versos preliminares. Texto. Segunda parte. Dedicatoria del autor. Prólogo del autor. Texto aEdición : Edición de bolsillo ilustrada con dibujos de M. Ángel, grabados por Carretero y Sampietro aEdición microscópica, con los mismos grabados de las anteriores, reducidos al menor tamaño de la misma Casa editorial. Lomera y cubiertas decoradas con motivos quijotiles en varios colores Lúdovik Osterc aEstado físico : Cubierta posterior ligeramente desprendida aQMB1514aNovela españolayÉpoca clásica, 1500-170014aLiteratura españolayÉpoca clásica, 1500-170014aNovela españolaySiglo XVII14aDon Quijote (Personaje ficticio)eNovela0 aEl Ingenioso Hidalgo Don Quijote de la Mancha